000 00677nam a2200289Ia 4500
005 20260324134945.0
008 008 260324s9999 xx 000 0 eng d
020 _a9781315249506
037 _aEBOOK
040 _aCRL
040 _beng
040 _cCRL
041 _2eng
041 _aeng
084 _qCRL
100 _aRichard Gravil
_91121442
245 0 _aMaster Narratives
245 0 _bTellers and Telling in the English Novel
260 _bTaylor and Francis
260 _c2001
365 _a
365 _b230
856 _uhttp://www.taylorfrancis.com/books/9781315249506
942 _cEBOOK
999 _c1799393
_d1799393